Online
Catalog

Los orígenes del Movimiento 14 de Junio. (Record no. 20275)

MARC details
000 -CABECERA
campo de control de longitud fija 02138nam a2200301 a 4500
001 - NÚMERO DE CONTROL
campo de control 000020771
005 - FECHA Y HORA DE LA ÚLTIMA TRANSACCIÓN
campo de control 20240409073639.0
008 - DATOS DE LONGITUD FIJA--INFORMACIÓN GENERAL
campo de control de longitud fija 100817s1999 dr 000 0 spa d
020 ## - NÚMERO INTERNACIONAL ESTÁNDAR DEL LIBRO
Número Internacional Estándar del Libro 9945160508
040 ## - FUENTE DE LA CATALOGACIÓN
Centro catalogador/agencia de origen DO-SdBNP
Lengua de catalogación spa
Centro/agencia transcriptor BNPHU
082 ## - NÚMERO DE LA CLASIFICACIÓN DECIMAL DEWEY
Número de clasificación 972.93054
Número de documento/Ítem C343o
100 1# - ENTRADA PRINCIPAL--NOMBRE DE PERSONA
Nombre de persona Cassá, Roberto,
Fechas asociadas al nombre 1948-
9 (RLIN) 10888
245 10 - MENCIÓN DE TÍTULO
Título Los orígenes del Movimiento 14 de Junio.
260 ## - PUBLICACIÓN, DISTRIBUCIÓN, ETC.
Lugar de publicación, distribución, etc. Santo Domingo :
Nombre del editor, distribuidor, etc. Universitaria - UASD,
Fecha de publicación, distribución, etc. 1999.
300 ## - DESCRIPCIÓN FÍSICA
Extensión 446 p. ;
Dimensiones 23 cm.
490 1# - MENCIÓN DE SERIE
Mención de serie Publicaciones de la Universidad Autónoma de Santo Domingo
Designación de volumen o secuencia 1415
Mención de serie Historia y sociedad
Designación de volumen o secuencia 93
490 1# - MENCIÓN DE SERIE
Mención de serie Publicaciones de la Comisión Permanente de Efemérides Patrias 2004-2007
Designación de volumen o secuencia 22
505 1# - NOTA DE CONTENIDO CON FORMATO
Título Introducción --
-- Generalidades de la izquierda dominicana --
-- La juventud democrática y otros núcleos clandestinos en los años cincuenta --
-- Surgimiento del Movimiento 14 de Junio --
-- La distribución territorial en el Cibao --
-- El proceso en la Banda Sur --
-- La culminación del Movimiento --
-- Hacia la caída del trujillato --
-- La llegada del Movimiento Popular Dominicano --
-- Anexo I. Lista de miembros de la Juventud Democrática Clandestina --
-- Anexo II. Miembros del Movimiento Revolucionario 14 de Junio que entregaron declaraciones escritas a la justicia --
-- Anexo III. Agrupaciones de los miembros del 1J4 que aparecen en el anexo II, según diversas variables --
-- Apéndice. Política y sujeto político --
-- Bibliografía y fuentes:
-- Obras generales ;
-- Documentación ;
-- Obras temáticas ;
-- Publicaciones periódicas ;
-- Entrevistas y comuniciones orales.
-- Publicaciones de la Comisión Permanente de Efemérides Patrias 2004-2007
590 ## - NOTA LOCAL (RLIN)
Nota local Inventariado, 2018/MFF
610 24 - PUNTO DE ACCESO ADICIONAL DE MATERIA--NOMBRE DE ENTIDAD CORPORATIVA
Nombre de entidad corporativa o nombre de jurisdicción como elemento de entrada MOVIMIENTO REVOLUCIONARIO 14 DE JUNIO (REPÚBLICA DOMINICANA)
9 (RLIN) 1373
650 #4 - PUNTO DE ACCESO ADICIONAL DE MATERIA--TÉRMINO DE MATERIA
Término de materia o nombre geográfico como elemento de entrada Actividades clandestinas
9 (RLIN) 1375
650 #4 - PUNTO DE ACCESO ADICIONAL DE MATERIA--TÉRMINO DE MATERIA
Término de materia o nombre geográfico como elemento de entrada Movimientos revolucionarios
9 (RLIN) 1376
700 1# - PUNTO DE ACCESO ADICIONAL--NOMBRE DE PERSONA
Nombre de persona Ortiz, Dantes
9 (RLIN) 123
700 1# - PUNTO DE ACCESO ADICIONAL--NOMBRE DE PERSONA
Nombre de persona Figueroa, Rosa
9 (RLIN) 1451
710 1# - PUNTO DE ACCESO ADICIONAL--NOMBRE DE ENTIDAD CORPORATIVA
Nombre de entidad corporativa o nombre de jurisdicción como elemento de entrada Universidad Autónoma de Santo Domingo
9 (RLIN) 72951
830 #0 - PUNTO DE ACCESO ADICIONAL DE SERIE-TÍTULO UNIFORME
Título uniforme Publicaciones de la Universidad Autónoma de Santo Domingo;
Número de parte o sección de la obra 1415
Nombre de parte o sección de la obra Historia y sociedad
Número de parte o sección de la obra 93
9 (RLIN) 43536
910 ## - DATOS DE OPCIÓN DEL USUARIO (OCLC)
Datos de opción del usuario Validado. Control de calidad MMOLINA
Holdings
Estado de retiro Estado de pérdida No para préstamo Código de colección Localización permanente Ubicación/localización actual Ubicación en estantería Fecha de adquisición Número de inventario Total de préstamos Signatura topográfica completa Código de barras Fecha visto por última vez Precio válido a partir de Tipo de ítem Koha Número de copia Nota pública
    Excluido de préstamo Patrimonio Dominicano Patrimonio Dominicano Patrimonio Dominicano Depósito 17.08.2010 LF1   972.93054 C343o 20771-10 25.06.2020 25.06.2020 Libro y Folleto Colección Patrimonio Dominicano    
    Excluido de préstamo Patrimonio Dominicano Patrimonio Dominicano Patrimonio Dominicano Depósito 09.12.2014 LF1   972.93054 C343o 20771-20 25.06.2020 25.06.2020 Libro y Folleto Colección Patrimonio Dominicano e. 2  
    Excluido de préstamo Dominicana de Servicio Patrimonio Dominicano Patrimonio Dominicano Depósito 25.10.2018 LF1   972.93054 C343o 20771-30 25.06.2020 25.06.2020 Libro y Folleto Colección Dominicana de Servicio e. 3 Perteneció a la biblioteca personal de Chiqui Vicioso/Fidelio Despradel
    Excluido de préstamo Dominicana de Servicio Patrimonio Dominicano Patrimonio Dominicano Depósito 25.10.2018 LF1   972.93054 C343o 20771-40 25.06.2020 25.06.2020 Libro y Folleto Colección Dominicana de Servicio e. 4  

Powered by Koha